Southville International School and Colleges
Your cart is empty.
  • Cart
  • Lists
    Public lists Eva Luna New books Lux_list list_1
    Your lists Log in to create your own lists
  • Log in to your account
  • Your cookies
  • Search history
Southville International School and Colleges
  • Advanced search
  • Recent comments
  • Most popular
  • Libraries

Log in to your account

Log in with GOOGLE


If you do not have an external account, but do have a local account, you can still log in:

  1. Home
  2. MARC view: Introduction to food preparation :
Normal view MARC view ISBD view

Introduction to food preparation : (Record no. 293135)

[ view plain ]
MARC details
000 -LEADER
fixed length control field 00799nam a2200265Ia 4500
008 - FIXED-LENGTH DATA ELEMENTS--GENERAL INFORMATION
fixed length control field 160404s9999 xx 000 0 und d
020 ## - INTERNATIONAL STANDARD BOOK NUMBER
International Standard Book Number 971-30-0734-4
050 ## - LIBRARY OF CONGRESS CALL NUMBER
Classification number FIL TX 663
050 ## - LIBRARY OF CONGRESS CALL NUMBER
Item number .G89 1985 c.1
100 ## - MAIN ENTRY--PERSONAL NAME
Personal name Guzman, Matilde P.
245 ## - TITLE STATEMENT
Title Introduction to food preparation :
245 ## - TITLE STATEMENT
Remainder of title a manual of laboratory procedures and principles in food preparation /
245 ## - TITLE STATEMENT
Statement of responsibility, etc Matilde P. Guzman, Ma. Veritas Fojas - Luna.
250 ## - EDITION STATEMENT
Edition statement 5th Edition
260 ## - PUBLICATION, DISTRIBUTION, ETC. (IMPRINT)
Place of publication, distribution, etc Manila :
260 ## - PUBLICATION, DISTRIBUTION, ETC. (IMPRINT)
Name of publisher, distributor, etc Merriam and Webster Bookstore, Inc.,
260 ## - PUBLICATION, DISTRIBUTION, ETC. (IMPRINT)
Date of publication, distribution, etc 1985
300 ## - PHYSICAL DESCRIPTION
Extent 280 pages :
300 ## - PHYSICAL DESCRIPTION
Other physical details illustrations ;
300 ## - PHYSICAL DESCRIPTION
Dimensions 26 cm.
650 ## - SUBJECT ADDED ENTRY--TOPICAL TERM
Topical term or geographic name as entry element Cookery -- Study and teaching.
650 ## - SUBJECT ADDED ENTRY--TOPICAL TERM
Topical term or geographic name as entry element Food preparation.
650 ## - SUBJECT ADDED ENTRY--TOPICAL TERM
General subdivision Cookery -- Laboratory manual.
650 ## - SUBJECT ADDED ENTRY--TOPICAL TERM
General subdivision Food handling.
Holdings
Withdrawn status Lost status Damaged status Home library Current library Shelving location Date acquired Total Checkouts Full call number Barcode Date last seen Price effective from Koha item type
      South Mansfield College South Mansfield College Filipiniana Section 03/07/2005   FIL TX 663 .G89 1985 c.1 SMC00427 04/04/2016 04/04/2016  

Introduction to food preparation :

APA

Guzman M. P., .Introduction to food preparation. Manila: .

Chicago

Guzman Matilde P, .Introduction to food preparation. Manila: .

Harvard

Guzman M. P., .Introduction to food preparation. Manila: .

MLA

Guzman Matilde P, .Manila: . .

  • Place hold
  • Print
  • Cite
  • Add to your cart (remove)
  • Save record
    BIBTEX Dublin Core MARCXML MARC (non-Unicode/MARC-8) MARC (Unicode/UTF-8) MARC (Unicode/UTF-8, Standard) MODS (XML) RIS
  • More searches
    Search for this title in:
    Other Libraries (WorldCat) Other Databases (Google Scholar) Online Stores (Bookfinder.com) Open Library (openlibrary.org)

Exporting to Dublin Core...

SOUTHVILLE LIBRARY

Southville International School and Colleges Library

1281 Tropical Ave. Cor. Luxembourg St., BF Homes International, Las Pinas City

Tel. No. 8256374 / 252358 Loc. 117/146

Powered by Koha